ENGINEERING GRAPHICS (Record no. 35959)
[ view plain ]
| 000 -LEADER | |
|---|---|
| fixed length control field | 00395nam a2200145 4500 |
| 003 - CONTROL NUMBER IDENTIFIER | |
| control field | OSt |
| 005 - DATE AND TIME OF LATEST TRANSACTION | |
| control field | 20230914121704.0 |
| 008 - FIXED-LENGTH DATA ELEMENTS--GENERAL INFORMATION | |
| fixed length control field | 230914b |||||||| |||| 00| 0 eng d |
| 020 ## - INTERNATIONAL STANDARD BOOK NUMBER | |
| International Standard Book Number | 9789355854582 |
| 040 ## - CATALOGING SOURCE | |
| Transcribing agency | COMPLIMENTARY |
| 082 ## - DEWEY DECIMAL CLASSIFICATION NUMBER | |
| Edition number | PUNE |
| Classification number | 604.24 |
| Item number | 604.24/BHO |
| 245 ## - TITLE STATEMENT | |
| Title | ENGINEERING GRAPHICS |
| Statement of responsibility, etc. | BHOJANE MANOJ |
| Medium | ENGLISH |
| 260 ## - PUBLICATION, DISTRIBUTION, ETC. | |
| Place of publication, distribution, etc. | PUNE |
| Name of publisher, distributor, etc. | TECHNICAL PUBLICATION |
| Date of publication, distribution, etc. | 2023 |
| 942 ## - ADDED ENTRY ELEMENTS (KOHA) | |
| Source of classification or shelving scheme | Dewey Decimal Classification |
| Suppress in OPAC | No |
| Koha item type | BOOK |
| Edition | I |
| Withdrawn status | Lost status | Source of classification or shelving scheme | Damaged status | Not for loan | Collection | Home library | Current library | Date acquired | Source of acquisition | Total Checkouts | Full call number | Barcode | Date last seen | Price effective from | Koha item type | Date last checked out |
|---|---|---|---|---|---|---|---|---|---|---|---|---|---|---|---|---|
| Dewey Decimal Classification | AFT | AGNEL TECHNICAL COLLEGE LIBRARY | AGNEL TECHNICAL COLLEGE LIBRARY | 14/09/2023 | COMPLIMENTARY | 604.24/BHO | AFT8318 | 14/09/2023 | 14/09/2023 | BOOK | ||||||
| Dewey Decimal Classification | AFT | AGNEL TECHNICAL COLLEGE LIBRARY | Fr. Agnel's C.Rodrigues College of Engineering | 14/09/2023 | COMPLIMENTARY | 2 | 604.24/BHO | AFT8319 | 02/07/2024 | 14/09/2023 | BOOK | 22/05/2024 |